000 00774cam a22002533a 4500
001 10910
003 PGUSA
005 20140828083230.0
008 040201s2004||||xxu|||||s|||||000 p eng d
040 _aPGUSA
_beng
042 _adc
050 4 _aPR
100 1 _aLe Gallienne, Richard,
_d1866-1947
245 1 0 _aRobert Louis Stevenson, an Elegy; and Other Poems
_h[electronic resource] /
_cRichard Le Gallienne
260 _bProject Gutenberg,
_c2004
506 _aPublic domain in the USA.
516 _aElectronic text
653 _aAuthors -- Poetry
653 _aStevenson, Robert Louis, 1850-1894 -- Poetry
653 _aEnglish poetry -- 19th century
830 0 _aProject Gutenberg
_v10910
856 4 0 _uhttp://www.gutenberg.org/ebooks/10910
942 _cEB
999 _c240165
_d240165